Sports Quiz

Random Sports or Basketball Quiz

NBA #1 Overall Draft Picks w/o All-Star App. Quiz Stats

 Plays Quiz not verified by Sporcle

Challenge
Share
Tweet
Embed
Score 0/21 Timer 08:00
0 Plays Today
Year Player % Correct
2010John Wall
95.9%
2012Anthony Davis
95.6%
2007Greg Oden
92.9%
2005Andrew Bogut
90.1%
2006Andrea Bargnani
89.4%
2001Kwame Brown
86.6%
1998Michael Olowokandi
70.3%
1995Joe Smith
63.6%
1989Pervis Ellison
32%
1972LaRue Martin
21%
1978Mychal Thompson
17.3%
Year Player % Correct
1976John Lucas
13.8%
1977Kent Benson
12.9%
1956Si Green
4.8%
1964Jim Barnes
1.4%
1963Art Heyman
0.7%
1965Fred Hetzel
0.5%
1950Chuck Share
0.5%
1962Bill McGill
0.2%
1955Dick Ricketts
0%
1952Mark Workman
0%

You're not logged in!

Compare scores with friends on all Sporcle quizzes.
Join for Free
OR
Log In

You Might Also Like...

Show Comments

Extras

Top Quizzes Today


Score Distribution

Your Account Isn't Verified!

In order to create a playlist on Sporcle, you need to verify the email address you used during registration. Go to your Sporcle Settings to finish the process.

Report this User

Report this user for behavior that violates our Community Guidelines.

Details: